| 000 | 01445nam a2200337 a 4500 | ||
|---|---|---|---|
| 001 | 000036047 | ||
| 005 | 20200120222249.0 | ||
| 008 | 090713s2003 esp0 gr0 0 000 d | ||
| 020 | _a8484531422 | ||
| 090 |
_aAN _bXIN |
||
| 100 | 0 |
_aXingjian, Gao, _d1940-. |
|
| 245 | 1 | 3 |
_aEl libro de un hombre solo / _cGao Xingjian ; traducción de Xin Fei y José Luis Sánchez ; epílogo de Liu Zaifu. |
| 250 | _a2a. ed. | ||
| 260 |
_aBarcelona (España) : _bPlaneta, _c2003. |
||
| 300 | _a540 p. | ||
| 490 | 0 |
_aBooket. Novela _v2120 |
|
| 500 | _aTítulo original : Yige ren de shengjing. | ||
| 500 | _aPremios : Premio Nobel de Literatura 2000. | ||
| 500 | _aIncluye información biográfica del autor al comienzo del texto. | ||
| 500 | _aEjs.1 y 2 de Biblioparque : Con ISBN 9788484531791 del año 2008. | ||
| 520 | 3 | _a"Después de La Montaña del Alma, Gao Xingjian propone una nueva obra magistral. La dulzura de los recuerdos y de la infancia, la violencia política, el amor y también el erotismo se mezclan en esta novela sorprendente, resumen de la vida de un hombre solo y testimonio literario esencial y sublime." | |
| 650 | 1 | 7 | _aNovela adulto |
| 650 | 2 | 7 | _aLiteratura adulto |
| 650 | 2 | 7 | _aLiteratura china |
| 650 | 2 | 7 | _aAmor en la literatura |
| 650 | 2 | 7 | _aSoledad en la literatura |
| 650 | 2 | 7 | _aVida solitaria en la literatura |
| 700 | 1 |
_aFeic, Xin, _etr. |
|
| 700 | 1 |
_aSánchez, José Luis, _etr. |
|
| 700 | 1 | _aZaifu, Liu. | |
| 999 |
_c2121 _d2121 |
||